[Event "Cali op-D"]
[Site "Cali"]
[Date "2008.12.27"]
[Round "4"]
[White "Hernandez, Yeison Steven"]
[Black "Atehortua, Kevin Andres"]
[Result "0-1"]
[WhiteElo "1317"]
[BlackElo "1400"]
[PlyCount "134"]
[EventDate "2008.12.26"]
[EventType "swiss"]
[EventRounds "9"]
[EventCountry "COL"]
[SourceTitle "EXT 2011"]
[Source "ChessBase"]
[SourceDate "2010.11.26"]
[SourceVersion "1"]
[SourceVersionDate "2010.11.26"]
[SourceQuality "1"]

1. e4 e5 2. Nf3 Nc6 3. d4 Nf6 4. Be3 Bb4+ 5. Nc3 0-0 6. dxe5 Bxc3+ 7. bxc3 Nxe4 8. Qd3 d5 9. g4 Bf5 10. c4 dxc4 11. Qxc4 Na5 12. Qd3 Nd6 13. Qd2 Nac4 14. Bxc4 Nxc4 15. Qxd8 Raxd8 16. Nd4 g6 17. Nxf5 gxf5 18. 0-0 Nxe5 19. Bf4 Rd5 20. Rad1 Rxd1 21. Rxd1 Re8 22. Re1 f6 23. Bxe5 fxe5 24. f4 c5 25. fxe5 Re6 26. Rb1 b6 27. Re1 b5 28. Kf2 b4 29. Kf3 h5 30. Kf4 a5 31. Kxf5 Kf7 32. Kg5 Rg6+ 33. Kxh5 Kg7 34. Re2 a4 35. Re3 b3 36. cxb3 Re6 37. bxa4 Rh6+ 38. Kg5 Rc6 39. Kf5 c4 40. Rc3 Rc5 41. Ke4 Kf7 42. Kd4 Rc8 43. Rxc4 Rd8+ 44. Kc3 Rd5 45. Re4 Ke6 46. h4 Rc5+ 47. Kb4 Kd5 48. Rf4 Rc6 49. Rf6 Rc4+ 50. Kb5 Rc5+ 51. Kb6 Rc1 52. Rd6+ Kxe5 53. Rc6 Rb1+ 54. Ka7 Kd5 55. Rb6 Rc1 56. a5 Rc7+ 57. Ka8 Rc8+ 58. Rb8 Rc7 59. Rb7 Rc8+ 60. Rb8 Rc7 61. g5 Rd7 62. a6 Kc6 63. a7 Rd4 64. Rc8+ Kd7 65. Rh8 Kc7 66. Rh7+ Kb6 67. Kb8 Rd8# 0-1